CPRE campaigns against roadside advertising (Record no. 120467)

MARC details
000 -LEADER
fixed length control field 01015cam a2200181 4500
001 - CONTROL NUMBER
control field L130832
008 - FIXED-LENGTH DATA ELEMENTS--GENERAL INFORMATION
fixed length control field 050902n2005 000 0 eng u
035 ## - SYSTEM CONTROL NUMBER
System control number (Sirsi) u130832
041 0# - LANGUAGE CODE
Language code of text/sound track or separate title eng
110 ## - MAIN ENTRY--CORPORATE NAME
Corporate name or jurisdiction name as entry element Campaign to Protect Rural England
9 (RLIN) 4718
245 ## - TITLE STATEMENT
Title CPRE campaigns against roadside advertising
260 ## - PUBLICATION, DISTRIBUTION, ETC.
Place of publication, distribution, etc. London
Name of publisher, distributor, etc. CPRE
Date of publication, distribution, etc. 2005
520 ## - SUMMARY, ETC.
Summary, etc. The Campaign to Protect Rural England (CPRE) is fighting to prevent large advertising displays blighting the English countryside. CPRE has found that hoardings are spreading rapidly beside motorways and major roads in England in spite of the advertising control regime in place since 1948. Provides full information relating to the campaign.
590 ## - LOCAL NOTE (RLIN)
Local note IKA130905
690 ## - LOCAL SUBJECT ADDED ENTRY--TOPICAL TERM (OCLC, RLIN)
Topical term or geographic name as entry element ENVIRONMENTAL AND LAND CONSULTANCY-PLANNING AND DEVELOPMENT-DEVELOPMENT CONTROL
856 40 - ELECTRONIC LOCATION AND ACCESS
Uniform Resource Identifier <a href="https://www.cpre.org.uk/resources/housing-and-planning/planning/item/1901-roadside-advertising-problems-and-solutions">https://www.cpre.org.uk/resources/housing-and-planning/planning/item/1901-roadside-advertising-problems-and-solutions</a>
Public note View the item free of charge at www.cpre.org.uk
942 ## - ADDED ENTRY ELEMENTS (KOHA)
Suppress in OPAC 0
Holdings
Withdrawn status Lost status Source of classification or shelving scheme Damaged status Not for loan Home library Current library Shelving location Date acquired Total Checkouts Full call number Barcode Date last seen Copy number Price effective from Koha item type
    Dewey Decimal Classification     Virtual Virtual Online 02/09/2005   ONLINE PUBLICATION 130832-2001 06/08/2019 1 06/08/2019 Online material